| 000 | 00880nam a2200277Ia 4500 | ||
|---|---|---|---|
| 003 | OSt | ||
| 005 | 20221005062035.0 | ||
| 006 | a|||||r|||| 00| 0 | ||
| 007 | ta | ||
| 008 | 221004b |||||||| |||| 00| 0 eng d | ||
| 020 |
_a9780415735087 (hbk) _cUKP 165.00 |
||
| 024 | _a34360 | ||
| 037 |
_b1398, 08/09/2017, Bright Book Service _cTextual |
||
| 040 |
_aCRL _cCRL _beng |
||
| 041 |
_2eng _aeng |
||
| 082 | _aR, Q8 | ||
| 100 |
_aStuart Michael T. Ed. _9454933 |
||
| 245 | 0 | _aRoutledge comapnion to thought experiments | |
| 260 |
_aLondon _bRoutledge UK _c2018 |
||
| 300 |
_axiii,567p. _ccm. |
||
| 650 | _aPHILOSOPHY | ||
| 700 | _a Brown James Robert Ed. | ||
| 700 | _a Fehige Yiftach Ed. | ||
| 942 |
_hR, Q8 _cTEXL _2cc |
||
| 999 |
_c969122 _d969122 |
||